Κατάλογος Βιβλιοθηκών Mediterranean College

Μεταλλικές Κατασκευές / Ευρωκώδικας 3 - LFRD (AISC): Πέμπτη Έκδοση (Record no. 1691)

MARC details
000 -LEADER
fixed length control field 01303cam a22001934a 4500
005 - ΗΜΕΡΟΜΗΝΙΑ ΚΑΙ ΩΡΑ ΤΕΛΕΥΤΑΙΑΣ ΕΝΗΜΕΡΩΣΗΣ
Πεδίο ελέγχου 20250605164016.0
008 - FIXED-LENGTH DATA ELEMENTS--GENERAL INFORMATION
Πεδίο ελέγχου σταθερού μήκους 250528s ||||||||||||||||||||||||d
035 ## - SYSTEM CONTROL NUMBER
System control number 16155
040 ## - ΠΗΓΗ ΚΑΤΑΛΟΓΟΓΡΑΦΗΣΗΣ
Φορέας πρωτότυπης καταλογογράφησης MC Athens Campus Library
Γλώσσα καταλογογράφησης Ελληνικά, Μοντέρνα (1453-)
Modifying agency MC Athens Campus Library
Κανόνες περιγραφικής καταλογογράφησης AACR2
245 1# - ΤΙΤΛΟΣ ΚΑΙ ΔΗΛΩΣΗ ΥΠΕΥΘΥΝΟΤΗΤΑΣ
Τίτλος Μεταλλικές Κατασκευές / Ευρωκώδικας 3 - LFRD (AISC): Πέμπτη Έκδοση
250 ## - EDITION STATEMENT
Edition statement
260 ## - PUBLICATION, DISTRIBUTION, ETC.
Name of publisher, distributor, etc. Αθήνα,
Date of publication, distribution, etc. 2005
300 ## - PHYSICAL DESCRIPTION
Extent 262
520 ## - SUMMARY, ETC.
Summary, etc. Πρόλογος, Εισαγωγή, Τα Μέταλλα στις Κατασκευές, Σχεδιασμός Κατασκευών, Μαθηματική Θεωρία της Ελαστικότητας, Εφελκυσμός Ράβδων και Ελασμάτων και Συρμάτων και Συρματόσχοινων, Θλίψη, Κάμψη και Διάτμηση, Στρέψη, Ελαστική Γραμμή, Λυγισμός, Συνδέσεις Μεταλλικές, Ήλωτες Συνδέσεις, Κοχλιωτές Συνδέσεις, Συγκολλητές Συνδέσεις, Επικολλητές Συνδέσεις, Επικολλητές Συνδέσεις, Συστήματα Μονάδων - Πίνακες, Βιβλιογραφία.
700 1# - ΠΡΟΣΘΕΤΗ ΑΝΑΓΡΑΦΗ--ΦΥΣΙΚΟ ΠΡΟΣΩΠΟ
Personal name Αναστασέλος Γεώργιος Θ
9 (RLIN) 2201
942 ## - ADDED ENTRY ELEMENTS (KOHA)
Koha item type Books
Holdings
Τύπος τεκμηρίου Βιβλιοθήκη Τρέχουσα τοποθεσία Barcode Αριθμός εισαγωγής Ημερομηνία απόκτησης Ταξιθετικό σύμβολο Αριθμός αντιτύπου Κατάσταση απόσυρσης Κατάσταση χαμένου Κατάσταση κατεστραμμένου Μη δανεισμός Σύνολο δανεισμών Ημερομηνία τελευταίας εμφάνισης Η τιμή ισχύει από
Books MC Athens Campus Library MC Athens Campus Library 9780000016904 2794 05/06/2025 624.182 ANA 1           05/06/2025 05/06/2025

MC Athens Campus Library
Πατησίων 94 & Κοδριγκτώνος 13, 104 34
Πελλήνης 8 & Πατησίων 107, 112 51
Τ: +30 210 8899600

MC Thessaloniki Campus Library
Ίωνος Δραγούμη 21, 54625 | Ίωνος Δραγούμη 15, 54625
Τ: +30 2310 287779 – Τ: +30 2314 440300